000 01187nam a22003134a 4500
001 ebr10315360
003 CaPaEBR
006 m u
007 cr cn|||||||||
008 020726s2003 cau sb 001 0 eng
010 _z 2002028008
020 _z1576752054 (alk. paper)
040 _aCaPaEBR
_cCaPaEBR
035 _a(OCoLC)503006288
050 1 4 _aBJ1595
_b.S42 2003eb
082 0 4 _a170/.44
_221
100 1 _aSchuster, John P.
245 1 0 _aAnswering your call
_h[electronic resource] :
_ba guide to living your deepest purpose /
_cJohn P. Schuster.
250 _a1st ed.
260 _aSan Francisco, CA :
_bBerrett-Koehler,
_cc2003.
300 _axi, 152 p.
504 _aIncludes bibliographical references (p. [144]-145) and index.
533 _aElectronic reproduction.
_bPalo Alto, Calif. :
_cebrary,
_d2013.
_nAvailable via World Wide Web.
_nAccess may be limited to ebrary affiliated libraries.
650 0 _aConduct of life.
650 0 _aVocation.
655 7 _aElectronic books.
_2local
710 2 _aebrary, Inc.
856 4 0 _uhttp://site.ebrary.com/lib/rucke/Doc?id=10315360
_zAn electronic book accessible through the World Wide Web; click to view
999 _c57091
_d57091